Matrix Analysis of Structures / (Record no. 16508)
[ view plain ]
| 000 -LEADER | |
|---|---|
| fixed length control field | 01243nam a22002775a 4500 |
| 001 - CONTROL NUMBER | |
| control field | 16609640 |
| 005 - DATE AND TIME OF LATEST TRANSACTION | |
| control field | 20110113091518.0 |
| 008 - FIXED-LENGTH DATA ELEMENTS--GENERAL INFORMATION | |
| fixed length control field | 110113s2011 ohu 000 0 eng |
| 010 ## - LIBRARY OF CONGRESS CONTROL NUMBER | |
| LC control number | 2011920710 |
| 020 ## - INTERNATIONAL STANDARD BOOK NUMBER | |
| International Standard Book Number | 9781111426224 |
| 040 ## - CATALOGING SOURCE | |
| Original cataloging agency | DLC |
| Transcribing agency | DLC |
| 082 ## - DEWEY DECIMAL CLASSIFICATION NUMBER | |
| Edition number | 22 |
| Classification number | 624.1 |
| Item number | KAS |
| 100 1# - MAIN ENTRY--PERSONAL NAME | |
| Personal name | Kassimali, Aslam. |
| 9 (RLIN) | 29078 |
| 245 10 - TITLE STATEMENT | |
| Title | Matrix Analysis of Structures / |
| Statement of responsibility, etc | Aslam Kassimali. |
| 250 ## - EDITION STATEMENT | |
| Edition statement | 2nd ed. |
| 260 ## - PUBLICATION, DISTRIBUTION, ETC. (IMPRINT) | |
| Place of publication, distribution, etc | Mason, OH : |
| Name of publisher, distributor, etc | South-Western, Cengage Learning, |
| Date of publication, distribution, etc | 2011. |
| 263 ## - PROJECTED PUBLICATION DATE | |
| Projected publication date | 1103 |
| 300 ## - PHYSICAL DESCRIPTION | |
| Extent | xii, 626 p. : |
| Other physical details | ill. ; |
| Dimensions | 25 cm. |
| 504 ## - BIBLIOGRAPHY, ETC. NOTE | |
| Bibliography, etc | Includes bibliographical references (p.612-613) and index. |
| 505 ## - FORMATTED CONTENTS NOTE | |
| Formatted contents note | Introduction -- Matrix algebra -- Plane trusses - Computer program for analysis of plane trusses -- Beams -- Plane frames -- Member releases and secondary effects -- Three-dimensional framed structures -- Special topics and modeling techniques -- Introduction to nonlinear structural analysis. |
| 650 ## - SUBJECT ADDED ENTRY--TOPICAL TERM | |
| 9 (RLIN) | 12469 |
| Topical term or geographic name as entry element | Structural analysis (Engineering) |
| General subdivision | Matrix methods. |
| 653 ## - INDEX TERM--UNCONTROLLED | |
| Resource For college | |
| -- | |
| Arrived date list | February2012 |
| 942 ## - ADDED ENTRY ELEMENTS (KOHA) | |
| Source of classification or shelving scheme | Dewey Decimal Classification |
| Item type | Book - Borrowing |
| Withdrawn status | Item status | Source of classification or shelving scheme | Damaged status | Not for loan | Vendor | Home library | Current library | Shelving location | Date acquired | Source of acquisition | Cost, normal purchase price | Serial Enumeration / chronology | Total Checkouts | Full call number | Barcode | Date last seen | Koha item type |
|---|---|---|---|---|---|---|---|---|---|---|---|---|---|---|---|---|---|
| Dewey Decimal Classification | Alahram | Central Library | Central Library | First floor | 22/02/2012 | 345.00 | 682 | 624.1 KAS | 000026168 | 15/07/2025 | Book - Borrowing |